000 00854cam a22002411a 4500
001 sa 66005093
003 DLC
005 20260227112247.0
008 810130s1965 ii abc 000 0 eng
010 _asa 66005093
035 _a(OCoLC)7093608
040 _aDLC
_cIU
_dDLC
042 _apremarc
043 _aa-ja---
050 0 0 _aLA1311.82
_b.N38
100 1 _aNayar, D. P.,
_d1918-
245 1 0 _aEducation in Japan /
_bD.P. Nayar.
260 _aNew Delhi :
_bNational Council of Educational Research & Training,
_c1965.
300 _avi, 31 p., :
_bill. (part col.) map, ports. ;
_c24 cm.
490 1 _aComparative education series / National Council of Educational Research and Training ;
_v1
650 0 _aEducation
_zJapan
_xHistory
_y1945-
830 0 _aComparative education series (National Council of Educational Research and Training) ;
_v1.
999 _c69802
_d69802